Women empowerment : (Record no. 65223)

MARC details
000 -LEADER
fixed length control field 00824nam a22002297a 4500
005 - DATE AND TIME OF LATEST TRANSACTION
control field 20120411115531.0
008 - FIXED-LENGTH DATA ELEMENTS--GENERAL INFORMATION
fixed length control field 120411t xxu||||| |||| 00| 0 eng d
010 ## - LCCN (DPL NO)
LC control number ENG-105060
020 ## - INTERNATIONAL STANDARD BOOK NUMBER
International Standard Book Number 9788184841275
Terms of availability 1350.00
035 ## - SYSTEM CONTROL NUMBER
System control number EN-88593
037 ## - SOURCE OF ACQUISITION
Source of stock number/acquisition DBAD/PUB
040 ## - CATALOGING SOURCE
Original cataloging agency DPL
Language of cataloging Eng
082 ## - DEWEY DECIMAL CLASSIFICATION NUMBER
Classification number 305.420954
100 ## - MAIN ENTRY--PERSONAL NAME
9 (RLIN) 44715
Personal name Paramasivan, C.
245 ## - TITLE STATEMENT
Title Women empowerment :
Statement of responsibility, etc by C.Paramasivan
Remainder of title issues and challenges /
260 ## - PUBLICATION, DISTRIBUTION, ETC. (IMPRINT)
Place of publication, distribution, etc New Delhi
Name of publisher, distributor, etc Regal Publications
Date of publication, distribution, etc 2012
270 ## - ADDRESS
Address F-159, Rajouri Garden,
City New Delhi
Postal code 110027
300 ## - PHYSICAL DESCRIPTION
Extent xiii,338p.
Dimensions 22cm(Hb)
500 ## - GENERAL NOTE
General note Includes index
942 ## - ADDED ENTRY ELEMENTS (KOHA)
Source of classification or shelving scheme Dewey Decimal Classification
Item type English Books
Call number suffix PAR
Classification part 305.420954
Holdings
Withdrawn status Lost status Source of classification or shelving scheme Damaged status Not for loan Collection code Home library Current library Date acquired Source of acquisition Cost, normal purchase price Total Checkouts Full call number Barcode Date last seen Copy number Cost, replacement price Koha item type
    Dewey Decimal Classification   Not For Loan Non-fiction D.B.Act.Division D.B.Act.Division 18/04/2012 DBAD / PUB 1350.00   305.420954 PAR EN-88593 18/04/2012 1 1350.00 English Books

© Delhi Public Library
Hit Counter
free hit counter